000 00442nam a2200181Ia 4500
001 324
005 20260306140509.0
008 260306t2007||||xx |||||||||||||| ||spa||
041 _aESP
082 _a101
_bM26 V. 1
100 _aMartínez Contreras, Jorge
_eAUT
245 0 _aEl saber filosófico :
_bantiguo y moderno
260 _c2007
300 _a506 páginas :
_c23 cm.
650 _aGEN
654 _aCHU
942 _cLIB
_dJUS
_fJUS
_2ddc
_n
999 _c324
_d324